| 000 -LEADER |
| fixed length control field |
01725cam a2200373 a 4500 |
| 001 - CONTROL NUMBER |
| control field |
15871783 |
| 003 - CONTROL NUMBER IDENTIFIER |
| control field |
Nust- CAS-E |
| 005 - DATE AND TIME OF LATEST TRANSACTION |
| control field |
20180118181358.0 |
| 008 - FIXED-LENGTH DATA ELEMENTS--GENERAL INFORMATION |
| fixed length control field |
090818s2009 enka b 001 0 eng |
| 010 ## - LIBRARY OF CONGRESS CONTROL NUMBER |
| LC control number |
2009033881 |
| 015 ## - NATIONAL BIBLIOGRAPHY NUMBER |
| National bibliography number |
GBA732849 |
| Source |
bnb |
| 016 7# - NATIONAL BIBLIOGRAPHIC AGENCY CONTROL NUMBER |
| Record control number |
013735763 |
| Source |
Uk |
| 020 ## - INTERNATIONAL STANDARD BOOK NUMBER |
| International Standard Book Number |
9780470015001 |
| 020 ## - INTERNATIONAL STANDARD BOOK NUMBER |
| International Standard Book Number |
0470015004 |
| 035 ## - SYSTEM CONTROL NUMBER |
| System control number |
(OCoLC)ocn431936159 |
| 040 ## - CATALOGING SOURCE |
| Original cataloging agency |
DLC |
| Transcribing agency |
DLC |
| Modifying agency |
BWKUK |
| -- |
BWK |
| -- |
YDXCP |
| -- |
CDX |
| -- |
AGL |
| -- |
TTU |
| -- |
UKM |
| -- |
BWX |
| -- |
DEBBG |
| -- |
DLC |
| 050 00 - LIBRARY OF CONGRESS CALL NUMBER |
| Classification number |
TJ820 |
| Item number |
.M374 2009 |
| 070 0# - NATIONAL AGRICULTURAL LIBRARY CALL NUMBER |
| Classification number |
TJ820 |
| Item number |
.M374 2009 |
| 082 00 - DEWEY DECIMAL CLASSIFICATION NUMBER |
| Classification number |
621.312136 |
| Edition number |
22 |
| Author Mark |
MAN 2009 |
| 084 ## - OTHER CLASSIFICATION NUMBER |
| Classification number |
ZP 3710 |
| Number source |
rvk |
| 100 1# - MAIN ENTRY--PERSONAL NAME |
| Personal name |
Manwell, J. F. |
| 245 10 - TITLE STATEMENT |
| Title |
Wind energy explained : |
| Remainder of title |
theory, design and application / |
| Statement of responsibility, etc. |
J.F. Manwell and J.G. McGowan, Anthony Rogers. |
| 250 ## - EDITION STATEMENT |
| Edition statement |
2nd ed. |
| 260 ## - PUBLICATION, DISTRIBUTION, ETC. |
| Place of publication, distribution, etc. |
Chichester, U.K. : |
| Name of publisher, distributor, etc. |
Wiley, |
| Date of publication, distribution, etc. |
2009. |
| 300 ## - PHYSICAL DESCRIPTION |
| Extent |
xii, 689 p. : |
| Other physical details |
ill. ; |
| Dimensions |
25 cm. |
| 504 ## - BIBLIOGRAPHY, ETC. NOTE |
| Bibliography, etc. note |
Includes bibliographical references and index. |
| 505 00 - FORMATTED CONTENTS NOTE |
| Miscellaneous information |
Introduction: |
| Title |
Modern wind energy and its origins -- |
| -- |
Wind characteristics and resources -- |
| -- |
Aerodynamics of wind turbines -- |
| -- |
Mechanics and dynamics -- |
| -- |
Electrical aspects of wind turbines -- |
| -- |
Wind turbine materials and components -- |
| -- |
Wind turbine design and testing -- |
| -- |
Wind turbine control -- |
| -- |
Wind turbine siting, system design, and integration -- |
| -- |
Wind energy applications -- |
| -- |
Wind energy system economics -- |
| -- |
Wind energy systems: Environmental aspects and impacts. |
| 650 #0 - SUBJECT ADDED ENTRY--TOPICAL TERM |
| Topical term or geographic name entry element |
Wind power. |
| 700 1# - ADDED ENTRY--PERSONAL NAME |
| Personal name |
McGowan, J. G. |
| 700 1# - ADDED ENTRY--PERSONAL NAME |
| Personal name |
Rogers, Anthony L., |
| Dates associated with a name |
1948- |
| 906 ## - LOCAL DATA ELEMENT F, LDF (RLIN) |
| a |
7 |
| b |
cbc |
| c |
orignew |
| d |
1 |
| e |
ecip |
| f |
20 |
| g |
y-gencatlg |
| 942 ## - ADDED ENTRY ELEMENTS (KOHA) |
| Source of classification or shelving scheme |
|
| Koha item type |
Book |